Normale Ansicht MARC-Ansicht ISBD

Katharina II. die Große : (Titelsatznr. 53883)

[ MARC ]
MARC-Details
000 -Satzkennung
Kontrollfeld mit fester Länge 00667nam a22002171c 4500
001 - Kontrollnummer
Kontrollfeld a987692118
008 - Feld mit fester Länge zur physischen Beschreibung - Allgemeine Angaben
Kontrollfeld mit fester Länge 190530s1988 gw |||| 000u ger d
020 ## - Internationale Standardbuchnummer
Internationale Standardbuchnummer 3499303921
Verknüpfung 3-499-30392-1
041 ## - Sprachcode
Sprachcode des Textes/der Tonspur oder des separaten Titels ger
040 ## - Katalogisierungsquelle
Übertragungsstelle RU-10907106
003 - Kontrollnummer Identifier
Kontrollfeld RU-10907106
100 1# - Haupteintragung - Personenname
Personenname Neumann-Hoditz, Reinhold
245 00 - Titel
Titel Katharina II. die Große :
Zusatz zum Titel mit Selbstzeugnissen und Bilddokumenten
246 10 - Titelvarianten
Hauptsachtitel/Kurztitel Katharina die Große : mit Selbstzeugnissen und Bilddokumenten
264 ## - Produktion, Veröffentlichung, Distribution, Herstellung und Urheberrechtsvermerk
Herstellungs-, Veröffentlichungs- Vertriebs-, Erzeugungsort Reinbek bei Hamburg :
Produzent, Herausgeber, Distributor, Hersteller Rowohlt,
Datum der Herstellung, der Veröffentlichung, des Vertriebs oder des Urheberschutzvermerks 1988
300 ## - Physische Beschreibung
Umfang 157 Seiten
490 #0 - Gesamttitelangabe
Gesamttitelangabe Rowohlts Monographien
Bandnummer/Folgebezeichnung 389
600 #0 - Nebeneintragung unter einem Schlagwort - Personenname
Personenname Katharina <II., Russland, Zarin>
655 #0 - Indexierungsterm - Genre/Form
Genre/Form oder fokussierter Term Biografie
942 ## - Zusätzliche Felder (Koha)
Koha-Medientyp Monographien
Exemplare
Ausgeschieden Verloren Klassifikation oder Aufstellungssystematik Beschädigt Nicht entleihbar Heimatbibliothek Aufenthaltsbibliothek Aufstellungsort Erwerbungsdatum Inventarnummer Signatur Barcode Letzte Aktivität Preis gültig von Koha-Medientyp
    Andere/Generische Klassifikation     MWN Osteuropa MWN Osteuropa Magazin - 2 30/05/2019 19-01053 R 52 ad Eka 37 E00401506CBDF635 23/02/2021 22/03/2021 Monographien